000 00349nam a2200145Ia 4500
008 230718s9999 xx 000 0 und d
041 _aEng.
082 _a35284
_bHUS-T
100 _aHussain, Mian Gulam
245 4 _aThe Registration Act 1912
260 _aPakistan
_bCriminal Law Publisher
_c2004
300 _a48
650 _aLaw
999 _c28324
_d28324